Horton hatches the egg / (Record no. 8271)

MARC details
000 -LEADER
fixed length control field 00967nam a22002897a 4500
001 - CONTROL NUMBER
control field 8271
003 - CONTROL NUMBER IDENTIFIER
control field FISKH
005 - DATE AND TIME OF LATEST TRANSACTION
control field 20250905161351.0
008 - FIXED-LENGTH DATA ELEMENTS--GENERAL INFORMATION
fixed length control field 250905b cb ||||| |||| 00| 0 eng d
020 ## - INTERNATIONAL STANDARD BOOK NUMBER
International Standard Book Number 9780394800776
040 ## - CATALOGING SOURCE
Original cataloging agency FISKH
Language of cataloging eng
Transcribing agency FISKH
Modifying agency FISKH
050 ## - LIBRARY OF CONGRESS CALL NUMBER
Classification number PZ10.G257 H
082 ## - DEWEY DECIMAL CLASSIFICATION NUMBER
Classification number 811
100 ## - MAIN ENTRY--PERSONAL NAME
Personal name Seuss
245 ## - TITLE STATEMENT
Title Horton hatches the egg /
Statement of responsibility, etc. By Dr. Seuss
260 ## - PUBLICATION, DISTRIBUTION, ETC.
Place of publication, distribution, etc. New York :
Name of publisher, distributor, etc. Random House ,
Date of publication, distribution, etc. 1940.
300 ## - PHYSICAL DESCRIPTION
Extent 64 unnumbered pages :
Other physical details color illustrations ;
Dimensions 28 cm .
490 ## - SERIES STATEMENT
Series statement Horton the Elephant
Volume/sequential designation 1
490 ## - SERIES STATEMENT
Series statement Horton
Volume/sequential designation 2
505 ## - FORMATTED CONTENTS NOTE
Formatted contents note M <br/><br/>
520 ## - SUMMARY, ETC.
Summary, etc. When a lazy bird hatching an egg wants a vacation, she asks Horton, the elephant, to sit on her egg--which he does through all sorts of hazards until he is rewarded for doing what he said he would.<br/>
521 8# - TARGET AUDIENCE NOTE
Target audience note 560 <br/>
Source Lexile <br/>
521 8# - TARGET AUDIENCE NOTE
Target audience note M <br/>
Source Ra-Plus <br/>
650 ## - SUBJECT ADDED ENTRY--TOPICAL TERM
Topical term or geographic name entry element Elephants-Legend and stories
Form subdivision Fiction
942 ## - ADDED ENTRY ELEMENTS (KOHA)
Source of classification or shelving scheme Dewey Decimal Classification
Koha item type Books
Suppress in OPAC No
Holdings
Withdrawn status Lost status Source of classification or shelving scheme Damaged status Not for loan Collection Home library Current library Shelving location Date acquired Total Checkouts Full call number Barcode Date last seen Date last checked out Price effective from Koha item type
    Dewey Decimal Classification     Juvenile Fiction Footprints International School Library Network Toul Tom Poung Campus Footprints International School Library Network Toul Tom Poung Campus TTP Primary Yellow Bookshelves 09/05/2025 1 SEU 811 PZ10.G257 H FIS03001 01/21/2026 12/10/2025 09/05/2025 Books